000 00438cam a2200145 4500500
005 20251228072918.0
041 _afre
042 _adc
100 1 0 _aRoy, Bruno
_eauthor
245 0 0 _aLecture politique de la chanson québécoise
260 _c2005.
500 _a24
786 0 _nCités | 23 | 3 | 2005-09-01 | p. 155-163 | 1299-5495
856 4 1 _uhttps://shs.cairn.info/revue-cites-2005-3-page-155?lang=fr&redirect-ssocas=7080
999 _c1594417
_d1594417